Rizikový kapitál

Charakteristika pojmu rizikový kapitál. Vznik rizikového kapitálu. Venture kapitál a private equity. Typy a štádiá rizikového kapitálu. Výhody a nevýhody rizikového kapitálu. Rizikový kapitál na Slovensku.

Salvato in:
Dettagli Bibliografici
Autore principale: Hovancová, Alžbeta
Natura: Capitolo di libro
Lingua:slovacco
Soggetti:
Tags: Aggiungi Tag
Nessun Tag, puoi essere il primo ad aggiungerne!!

MARC

LEADER 00000nla$a2200000$$$4500
001 0068392
005 20240502071827.3
041 0 |a slo 
044 |a SK 
245 1 0 |a Rizikový kapitál  |c Alžbeta Hovancová 
520 |a Charakteristika pojmu rizikový kapitál. Vznik rizikového kapitálu. Venture kapitál a private equity. Typy a štádiá rizikového kapitálu. Výhody a nevýhody rizikového kapitálu. Rizikový kapitál na Slovensku. 
610 2 0 |a kapitál rizikový 
610 2 0 |a investovanie 
610 2 0 |a investície 
610 2 0 |a podnikanie 
610 2 0 |a podnik malý 
610 2 0 |a podnik stredný 
610 2 0 |a agentúry 
610 2 0 |a Slovensko 
100 1 |a Hovancová, Alžbeta